• 首页
  • 本馆介绍
  • 公告通知
  • 最新文献
  • 馆藏检索
  • 电子资源
  • 读者导购
  • 参考咨询
  • 我的图书馆
  • 登录
  • 详细信息显示
  • 放入我的书架
  • 预约/预借图书
  • 作者相关作品
  • 分类相关作品
  • 丛书相关作品
  • 出版社相关作品

书目信息

  • 表格格式
  • 工作单格式
  • 卡片格式
题名:
基于虚拟化技术的云计算架构的技术与实践探究
    
 
作者: 黄思行 , 贺方成 , 韦鹏程 著
分册:  
出版信息: 成都   电子科技大学出版社  2017
页数: 263页
开本: 24cm
丛书名:
单 册:
中图分类: TP393.027
科图分类:
主题词: 云计算--架构
电子资源:
ISBN: 978-7-5647-5397-9
000 01227nam0 2200289 450
001 009522401
005 20180518152839.0
010    @a978-7-5647-5397-9@b@dCNY60.00
090    @aTP393.02@bhfc
096    @aTP393.02@bhfc
100    @a20180322d2017 em y0chiy0120 ea
101 0  @achi
102    @aCN@b510000
105    @ay z 000yy
106    @ar
200 1  @a基于虚拟化技术的云计算架构的技术与实践探究@b专著@f贺方成,韦鹏程,黄思行著@9ji yu xu ni hua ji shu de yun ji suan jia gou de ji shu yu shi jian tan jiu@g
210    @a成都@c电子科技大学出版社@d2017
215    @a263页@c@d24cm
330    @a本书对虚拟化技术与云计算进行分析。通过分析云计算的起源与发展,了解云计算分析研究特征模型及云计算机制作与云计算密切相关的虚拟化技术。通过对服务器虚拟化、储存虚拟化、网络虚拟化以及桌面虚拟化的理论与实践分析,结合虚拟化与云计算安全研究,对绿色云计算有一定的了解。结合Google云计算和虚拟化技术的实践,探索云计算的应用前景。
606 0  @a云计算@x架构
690    @aTP393.027@v5
701  0 @a黄思行@f(1992~)@4著@9huang si xing
701  0 @a贺方成@f(1982~)@4著@9he fang cheng
701  0 @a韦鹏程@f(1975~)@4著@9wei peng cheng
801  0 @aCN@bMUSE@c20181210@g
905    @aBZT@dTP393.027@e2
906    @dCNY60.00@n3@r1
    
    基于虚拟化技术的云计算架构的技术与实践探究/贺方成,韦鹏程,黄思行著.-成都:电子科技大学出版社,2017
    263页;24cm
    
    
    ISBN 978-7-5647-5397-9:CNY60.00
    本书对虚拟化技术与云计算进行分析。通过分析云计算的起源与发展,了解云计算分析研究特征模型及云计算机制作与云计算密切相关的虚拟化技术。通过对服务器虚拟化、储存虚拟化、网络虚拟化以及桌面虚拟化的理论与实践分析,结合虚拟化与云计算安全研究,对绿色云计算有一定的了解。结合Google云计算和虚拟化技术的实践,探索云计算的应用前景。
●
相关链接 在五车中查询图书 在当当中查询图书 在豆瓣中查询图书


正题名:基于虚拟化技术的云计算架构的技术与实践探究     索取号:TP393.027/2         预约/预借

序号 登录号 条形码 馆藏地/架位号 状态 备注
1 854678   2000854678   第二书库/ [索取号:TP393.027/2] 在馆    
2 854679   2000854679   第二书库/ [索取号:TP393.027/2] 在馆    
3 854680   2000854680   第二书库/ [索取号:TP393.027/2] 在馆    
山东省滨州职业学院图书馆 欢迎您!
大连网信软件有限公司© 版权所有